Music Quiz

Random Music or Lyrics Quiz
Score 0/16 Timer 04:00
0 Plays Today
% Correct
New Years Day to celebrate
74.1%
April Rain
68.7%
Wedding Saturday within the month of June
68.1%
Flowers bloom
65.7%
Halloween
62.7%
chocolate covered candy hearts to give away
59%
Song to sing
57.2%
First of spring
55.4%
% Correct
Warm July
48.8%
Libra sun
41%
Falling Leaves
36.7%
Autumn breeze
34.9%
Harvest moon to light one tender August night
33.7%
Summers high
31.3%
Giving thanks to all the Christmas joy you bring
30.1%
Time for birds to fly to southern skies
17.5%
Come Together.
Have Fun.
All Virtual.
We all need to come together. Play Sporcle's virtual live trivia to have fun, connect with people, and get your trivia on. Join a live hosted trivia game for your favorite pub trivia experience done virtually. If a virtual private party is more your thing, go here for details.

You're not logged in!

Compare scores with friends on all Sporcle quizzes.
OR
Log In

Sporcle TV

Today on Sporcle TV


Watch our educational content, quiz creation guides, and fun videos on Sporcle TV.

Show Comments

Extras

Top Quizzes Today


Score Distribution

Paid Content

Your Account Isn't Verified!

In order to create a playlist on Sporcle, you need to verify the email address you used during registration. Go to your Sporcle Settings to finish the process.

Report this User

Report this user for behavior that violates our Community Guidelines.

Details: